000 00483nam a2200193Ia 4500
008 090124s9999 xx 000 0 und d
082 _b35023
100 _aPEKELIS VIKTOR
245 _aREALIZE YOUR POTENTIAL
250 _a1
260 _bMIR PUBLISHERS MOSCOW
_c1987
300 _a311
600 _aPEKELIS VIKTOR
630 _aREALIZE YOUR POTENTIAL
700 _aPEKELIS VIKTOR
700 _aROSENZWEIG ANATOLI
730 _aREALIZE YOUR POTENTIAL
942 _cBOOK
999 _c100976
_d100976